00517nam a2200169Ia 4500008005200000020001500052082001700067100002100084245007900105250002300184260003600207300002400243504001900267650002600286650001500312650002000327200103s 1977 ||||xx |||||||||||||| ||und|| a0273008781 a620.106bDOU aDouglas, John F. 0aSolution of problems in fluid mechanics: a problem-based textbook, Part. 1 aAll-metric edition bPitman Publishingc1977aLondon axviii, 246 p.: ill. aIncludes index aHydraulic engineering aHydraulics aFluid mechanics